Vybrané kapitoly z medzinárodných vzťahov a bezpečnosti zahraničná politika Ruska - historický náčrt a súčasnosť

Salvato in:
Dettagli Bibliografici
Autore principale: Duleba, Alexander
Natura: Libro
Lingua:slovacco
Pubblicazione: Bratislava Štátny pedagogický ústav 2001
Soggetti:
Tags: Aggiungi Tag
Nessun Tag, puoi essere il primo ad aggiungerne!!

MARC

LEADER 00000nam a2200000 4500
001 c136528
005 20221124104916.8
020 |a 80-85756-47-1 
041 0 |a slo 
044 |a SK 
245 1 0 |a Vybrané kapitoly z medzinárodných vzťahov a bezpečnosti  |b zahraničná politika Ruska - historický náčrt a súčasnosť  |c Alexander Duleba 
264 1 |a Bratislava  |b Štátny pedagogický ústav  |c 2001 
300 |a 92 s. 
610 2 0 |a politika medzinárodná 
610 2 0 |a politika zahraničná 
610 2 0 |a bezpečnosť 
610 2 0 |a nacionalizmus 
610 2 0 |a história 
610 2 0 |a vojny 
610 2 0 |a konflikty 
610 2 0 |a Rusko 
610 2 0 |a Európa 
610 2 0 |a NATO 
100 1 |a Duleba, Alexander